000 00555nam a2200217Ia 4500
003 OSt
005 20230504101951.0
008 210423s2010 xx 000 0 und d
020 _a9780070702066
040 _cAL
041 _aeng
082 _a621.374 KALH
_223
100 _aKALSI (H S).
_994921
245 _aElectronic instrumentation.
260 _aNew Delhi
_bTata McGraw-hill
_c2010
300 _axvii,829
_bPB
365 _b365
_cINR
650 _aElectric Engineering
_994922
906 _aelectronic ; instrumentation.
942 _2ddc
_cBK
999 _c161949
_d161949